000 00487nam a2200169Ia 4500
003 GCL
008 140319s9999 xx 000 0 eng d
040 _aGCL /
_cGCL
082 0 4 _aREF
_b423
_bU C
100 1 _aTHE UNIVERSITY OF BRMINGHAM
245 1 0 _aCOLLINS COBUID ENGLISH DICTIONARY /
_cTHE UNIVERSITY OF BRMINGHAM
260 _a[S.N] :
_bHARPER COLLINS COLLEGE PUBLISBERS ،
_c1995
300 _a1943.P
650 0 4 _aENGLISH DICTIONARY
650 0 4 _aDICTIONARY
942 _2ddc
_cBK
999 _c11338
_d11338